| 000 | 00527nam a22001937a 4500 | ||
|---|---|---|---|
| 999 |
_c7314 _d7314 |
||
| 003 | OSt | ||
| 005 | 20211001135740.0 | ||
| 008 | 211001b ||||| |||| 00| 0 eng d | ||
| 040 | _cDDC | ||
| 082 | _a574PRI 1964 | ||
| 100 |
_aGordon W.,Whaley; _914997 |
||
| 245 |
_aPrinciples of Biology. _cEdited by Gordon W.,Whaley; |
||
| 250 | _a3rd Ed. | ||
| 260 |
_aNew York. _bHarper & Row. _c1964. |
||
| 300 |
_axviii,776p; _bill; _c24cm |
||
| 504 | _aIncludes; references and index. | ||
| 650 |
_aBiology _95602 |
||
| 942 |
_2ddc _cO_SHELF |
||